Statistics for General Knowledge Quiz #161

Click here to take the quiz!

General Stats

  • This quiz has been taken 17,988 times
  • The average score is 11 of 20

Answer Stats

Question Answer % Correct
What two world capitals start with the letters BEI?Beijing
79%
What type of fish would you be most likely to find on a pizza or a Caesar salad?Anchovy
78%
What series of uprisings rocked the Middle East in 2011?{Arab} Spring
77%
What type of light is emitted by a blacklight?Ultraviolet (UV-A)
70%
What two world capitals start with the letters BEI?Beirut
69%
Which of the seven dwarfs has a name that means "shy"?Bashful
68%
What is the common term for a person who is prejudiced against Jewish people?Antisemite
64%
What modern-day capital is located near the ancient city of Babylon?Baghdad
58%
What 1985 blockbuster is sometimes abbreviated BTTF?Back to the Future
56%
What is the official language of Iran?Persian
55%
What European soccer club has won the most Champions League titles?Real Madrid
54%
What British landmark is guarded by the Yeoman Warders, also known as "beefeaters"?Tower of London
53%
What is the term for a person whose body has been enhanced with
robotic or mechanical parts?
Cyborg
50%
What record company was founded in 1960 in Detroit, Michigan by Berry Gordy Jr.?Motown Records
46%
What region is known in its own language as Bayern?Bavaria
43%
What type of videocassette lost the "format wars" to VHS in the 1980s?Betamax
39%
What island's population reached a high of 8 million in the 1840s and is still lower today?Ireland
34%
What is the superhero alter-ego of Barbara Gordon?Batgirl or Oracle
34%
What is the most populous city on the Atlantic coast of Canada?Halifax
22%
What bebop saxophone player was nicknamed "Bird"?Charlie Parker
16%

Score Distribution

Percentile by Number Answered

Percent of People with Each Score

Your Score History

You have not taken this quiz